00286nam a22001217a 4500020001800000082001400018100001900032245004100051250000900092260003000101300000800131650002500139 a81-208-1248-4 a294.5 PRI aPRIME, Ranchor aHinduism and Ecology: seeds of Truth a1994 aDelhibMotilal Banarsidas a118 aHinduism and Ecology